000 00408nam a2200157Ia 4500
008 210716s2011 xx 000 0 und d
020 _a9788184896848
041 _aeng
082 _a005.276 BUKB
100 _aBukovics, Bruce.
245 _aPro WF: winows workflow in .NET 4.
_bWinows workflow in .NET 4.
250 _a1
260 _aNew Delhi
_bApress
_c2011
300 _axxxviii,897
650 _aNone
999 _c191042
_d191042